[Event "Rapid Tournament (RAP)"]
[Site "Biel, CH"]
[Date "2025.07.13"]
[Round "7"]
[White "Rosen, Noah"]
[Black "Bjarnegard, Henry"]
[Result "1/2-1/2"]
[Board "55"]
[WhiteFideId "1356267"]
[BlackFideId "1780662"]
[WhiteElo "1849"]
[BlackElo "1691"]
[WhiteTeam "SUI"]
[BlackTeam "SWE"]
[WhiteClock "0:02:19"]
[BlackClock "0:00:29"]
[Variant "Standard"]

1. e4 {[%clk 0:15:07]}  c5 {[%clk 0:15:08]} 2. Nf3 {[%clk 0:15:10]}  Nc6 {[%clk 0:15:11]} 3. d4 {[%clk 0:15:14]}  cxd4 {[%clk 0:15:14]} 4. Nxd4 {[%clk 0:15:17]}  Nf6 {[%clk 0:15:18]} 5. Nc3 {[%clk 0:15:20]}  e5 {[%clk 0:15:21]} 6. Ndb5 {[%clk 0:15:21]}  d6 {[%clk 0:15:25]} 7. Bg5 {[%clk 0:15:19]}  a6 {[%clk 0:15:28]} 8. Na3 {[%clk 0:15:22]}  b5 {[%clk 0:15:32]} 9. Nd5 {[%clk 0:15:21]}  Be7 {[%clk 0:15:35]} 10. Bxf6 {[%clk 0:15:23]}  Bxf6 {[%clk 0:15:39]} 11. c3 {[%clk 0:15:26]}  Bg5 {[%clk 0:15:42]} 12. Nc2 {[%clk 0:15:12]}  Rb8 {[%clk 0:15:46]} 13. a4 {[%clk 0:14:53]}  bxa4 {[%clk 0:15:48]} 14. Rxa4 {[%clk 0:14:55]}  Rxb2 {[%clk 0:15:51]} 15. Bxa6 {[%clk 0:14:37]}  Bd7 {[%clk 0:14:22]} 16. O-O {[%clk 0:13:48]}  Ne7 {[%clk 0:13:01]} 17. Rb4 {[%clk 0:12:55]}  Ra2 {[%clk 0:12:02]} 18. Bc4 {[%clk 0:12:34]}  Ra4 {[%clk 0:10:33]} 19. Qb1 {[%clk 0:11:39]}  O-O {[%clk 0:09:39]} 20. Rd1 {[%clk 0:10:38]}  Rxb4 {[%clk 0:08:58]} 21. Qxb4 {[%clk 0:10:40]}  Qb8 {[%clk 0:08:13]} 22. Nb6 {[%clk 0:09:49]}  Nc6 {[%clk 0:06:52]} 23. Nxd7 {[%clk 0:09:30]}  Nxb4 {[%clk 0:06:55]} 24. Nxb8 {[%clk 0:09:33]}  Nxc2 {[%clk 0:06:38]} 25. Nd7 {[%clk 0:09:08]}  Rc8 {[%clk 0:05:28]} 26. Nb6 {[%clk 0:08:35]}  Rc6 {[%clk 0:05:19]} 27. Bb3 {[%clk 0:06:58]}  Rxc3 {[%clk 0:04:30]} 28. Bxc2 {[%clk 0:06:58]}  Rxc2 {[%clk 0:04:29]} 29. Kf1 {[%clk 0:06:17]}  Rc6 {[%clk 0:03:20]} 30. Ra1 {[%clk 0:05:44]}  g6 {[%clk 0:02:36]} 31. Nd5 {[%clk 0:05:23]}  Rc1+ {[%clk 0:02:15]} 32. Rxc1 {[%clk 0:05:17]}  Bxc1 {[%clk 0:02:17]} 33. Ke2 {[%clk 0:05:17]}  Ba3 {[%clk 0:02:02]} 34. f3 {[%clk 0:04:58]}  Kg7 {[%clk 0:02:02]} 35. Kf2 {[%clk 0:04:37]}  f5 {[%clk 0:01:56]} 36. Kg3 {[%clk 0:03:21]}  Kf7 {[%clk 0:01:54]} 37. Kh4 {[%clk 0:03:02]}  fxe4 {[%clk 0:01:39]} 38. fxe4 {[%clk 0:03:05]}  Bc1 {[%clk 0:01:35]} 39. Kg4 {[%clk 0:03:02]}  Ke6 {[%clk 0:01:28]} 40. h3 {[%clk 0:02:59]}  h5+ {[%clk 0:01:20]} 41. Kf3 {[%clk 0:02:59]}  Bd2 {[%clk 0:01:16]} 42. Ke2 {[%clk 0:02:48]}  Bg5 {[%clk 0:01:13]} 43. Kf3 {[%clk 0:02:51]}  Kd7 {[%clk 0:01:10]} 44. g4 {[%clk 0:02:38]}  Kc6 {[%clk 0:01:07]} 45. gxh5 {[%clk 0:02:31]}  gxh5 {[%clk 0:01:11]} 46. Ke2 {[%clk 0:02:35]}  Kc5 {[%clk 0:01:10]} 47. Kd3 {[%clk 0:02:39]}  Bd8 {[%clk 0:00:55]} 48. Nc3 {[%clk 0:02:16]}  Ba5 {[%clk 0:00:44]} 49. Nd5 {[%clk 0:02:17]}  Be1 {[%clk 0:00:40]} 50. Nf6 {[%clk 0:02:20]}  h4 {[%clk 0:00:37]} 51. Nd5 {[%clk 0:02:22]}  Bg3 {[%clk 0:00:29]} 52. Nf6 {[%clk 0:02:19]} 1/2-1/2

[Event "Rapid Tournament (RAP)"]
[Site "Biel, CH"]
[Date "2025.07.13"]
[Round "8"]
[White "Shvedova, Alexandra"]
[Black "Bok, Benjamin"]
[Result "0-1"]
[Board "1"]
[WhiteFideId "54154782"]
[BlackFideId "1017063"]
[WhiteTitle "WFM"]
[BlackTitle "GM"]
[WhiteElo "2177"]
[BlackElo "2585"]
[WhiteTeam "ITA"]
[BlackTeam "NED"]
[WhiteClock "0:00:16"]
[BlackClock "0:00:17"]
[Variant "Standard"]

1. e4 {[%clk 0:15:08]}  c5 {[%clk 0:15:09]} 2. Ne2 {[%clk 0:15:11]}  d6 {[%clk 0:13:58]} 3. g3 {[%clk 0:15:14]}  d5 {[%clk 0:14:02]} 4. Bg2 {[%clk 0:15:13]}  dxe4 {[%clk 0:14:05]} 5. Nbc3 {[%clk 0:15:16]}  Nc6 {[%clk 0:13:51]} 6. Nxe4 {[%clk 0:15:04]}  e6 {[%clk 0:13:54]} 7. d3 {[%clk 0:14:32]}  Nge7 {[%clk 0:13:39]} 8. O-O {[%clk 0:13:10]}  Nf5 {[%clk 0:13:41]} 9. b3 {[%clk 0:12:54]}  Be7 {[%clk 0:13:35]} 10. Ba3 {[%clk 0:11:24]}  Qa5 {[%clk 0:13:30]} 11. Bb2 {[%clk 0:11:28]}  O-O {[%clk 0:13:30]} 12. Nf4 {[%clk 0:09:15]}  f6 {[%clk 0:10:07]} 13. Re1 {[%clk 0:09:17]}  Qd8 {[%clk 0:09:30]} 14. Nd2 {[%clk 0:08:15]}  e5 {[%clk 0:08:30]} 15. Nd5 {[%clk 0:05:36]}  Bd6 {[%clk 0:04:18]} 16. Ne4 {[%clk 0:05:06]}  Be6 {[%clk 0:04:18]} 17. Nxd6 {[%clk 0:07:00]}  Qxd6 {[%clk 0:04:22]} 18. Nc3 {[%clk 0:06:54]}  Qd7 {[%clk 0:04:23]} 19. a4 {[%clk 0:06:13]}  Nfd4 {[%clk 0:04:15]} 20. a5 {[%clk 0:04:10]}  Nb4 {[%clk 0:02:16]} 21. Ne4 {[%clk 0:01:07]}  Rac8 {[%clk 0:00:25]} 22. c3 {[%clk 0:03:17]}  Nxb3 {[%clk 0:00:26]} 23. cxb4 {[%clk 0:03:17]}  Nxa1 {[%clk 0:00:30]} 24. Qxa1 {[%clk 0:02:39]}  cxb4 {[%clk 0:00:33]} 25. d4 {[%clk 0:02:42]}  exd4 {[%clk 0:00:30]} 26. Bxd4 {[%clk 0:02:46]}  Bd5 {[%clk 0:00:24]} 27. Rd1 {[%clk 0:02:22]}  Qc6 {[%clk 0:00:17]} 28. Qb1 {[%clk 0:01:06]}  f5 {[%clk 0:00:08]} 29. Nf6+ {[%clk 0:00:55]}  gxf6 {[%clk 0:00:12]} 30. Bxd5+ {[%clk 0:00:58]}  Qxd5 {[%clk 0:00:16]} 31. Bxf6 {[%clk 0:00:55]}  Qe4 {[%clk 0:00:13]} 32. Qb3+ {[%clk 0:00:35]}  Qc4 {[%clk 0:00:15]} 33. Qb2 {[%clk 0:00:26]}  Qc2 {[%clk 0:00:18]} 34. Rd7 {[%clk 0:00:16]}  Qc1+ {[%clk 0:00:17]} 0-1

[Event "Rapid Tournament (RAP)"]
[Site "Biel, CH"]
[Date "2025.07.13"]
[Round "8"]
[White "Yilmaz, Mustafa"]
[Black "Schweizer, Simon"]
[Result "1-0"]
[Board "2"]
[WhiteFideId "6302718"]
[BlackFideId "1325361"]
[WhiteTitle "GM"]
[WhiteElo "2547"]
[BlackElo "2131"]
[WhiteTeam "TUR"]
[BlackTeam "JPN"]
[WhiteClock "0:03:15"]
[BlackClock "0:13:01"]
[Variant "Standard"]

1. d4 {[%clk 0:15:08]}  Nf6 {[%clk 0:15:09]} 2. c4 {[%clk 0:15:11]}  e6 {[%clk 0:15:12]} 3. Nf3 {[%clk 0:15:14]}  d5 {[%clk 0:15:16]} 4. Nc3 {[%clk 0:15:18]}  Bb4 {[%clk 0:15:19]} 5. Qa4+ {[%clk 0:15:17]}  Nc6 {[%clk 0:15:22]} 6. e3 {[%clk 0:15:20]}  O-O {[%clk 0:15:24]} 7. Qc2 {[%clk 0:15:23]}  Ne7 {[%clk 0:15:25]} 8. Bd2 {[%clk 0:15:09]}  b6 {[%clk 0:15:26]} 9. a3 {[%clk 0:13:30]}  Bxc3 {[%clk 0:15:27]} 10. Bxc3 {[%clk 0:13:32]}  Bb7 {[%clk 0:15:20]} 11. c5 {[%clk 0:12:18]}  Ne4 {[%clk 0:14:38]} 12. Bd3 {[%clk 0:11:20]}  f5 {[%clk 0:15:13]} 13. Ne5 {[%clk 0:09:38]}  bxc5 {[%clk 0:14:37]} 14. Bxe4 {[%clk 0:07:41]}  dxe4 {[%clk 0:14:40]} 15. dxc5 {[%clk 0:07:37]}  Bd5 {[%clk 0:14:35]} 16. b4 {[%clk 0:07:17]}  c6 {[%clk 0:14:38]} 17. Rd1 {[%clk 0:07:14]}  Qc7 {[%clk 0:14:40]} 18. h4 {[%clk 0:06:56]}  f4 {[%clk 0:14:30]} 19. h5 {[%clk 0:06:27]}  fxe3 {[%clk 0:14:24]} 20. fxe3 {[%clk 0:06:29]}  Rf5 {[%clk 0:14:28]} 21. g4 {[%clk 0:05:05]}  Rg5 {[%clk 0:13:50]} 22. Qh2 {[%clk 0:04:52]}  h6 {[%clk 0:13:45]} 23. Rf1 {[%clk 0:04:22]}  Rc8 {[%clk 0:13:46]} 24. Qf4 {[%clk 0:03:55]}  Kh7 {[%clk 0:13:50]} 25. Nf7 {[%clk 0:03:41]}  Qxf4 {[%clk 0:13:30]} 26. Rxf4 {[%clk 0:03:44]}  Kg8 {[%clk 0:13:34]} 27. Nxg5 {[%clk 0:03:32]}  hxg5 {[%clk 0:13:38]} 28. Rf2 {[%clk 0:03:34]}  Rf8 {[%clk 0:13:18]} 29. Rxf8+ {[%clk 0:03:15]}  Kxf8 {[%clk 0:13:21]} 30. Rd2 {[%clk 0:03:18]}  Kg8 {[%clk 0:13:02]} 31. Be5 {[%clk 0:03:18]}  a6 {[%clk 0:13:03]} 32. Bd6 {[%clk 0:03:12]}  Nc8 {[%clk 0:13:01]} 33. Rf2 {[%clk 0:03:15]} 1-0

[Event "Rapid Tournament (RAP)"]
[Site "Biel, CH"]
[Date "2025.07.13"]
[Round "8"]
[White "Kobalia, Mikhail"]
[Black "Sharif, Mehrshad"]
[Result "1-0"]
[Board "3"]
[WhiteFideId "4119150"]
[BlackFideId "600121"]
[WhiteTitle "GM"]
[BlackTitle "IM"]
[WhiteElo "2509"]
[BlackElo "2334"]
[WhiteTeam "FID"]
[BlackTeam "FRA"]
[WhiteClock "0:09:07"]
[BlackClock "0:09:53"]
[Variant "Standard"]

1. e4 {[%clk 0:15:09]}  e6 {[%clk 0:15:09]} 2. d3 {[%clk 0:15:09]}  d5 {[%clk 0:15:12]} 3. Nd2 {[%clk 0:15:14]}  Nf6 {[%clk 0:15:15]} 4. Ngf3 {[%clk 0:15:17]}  Nc6 {[%clk 0:15:18]} 5. c3 {[%clk 0:15:20]}  Bd6 {[%clk 0:15:21]} 6. Be2 {[%clk 0:15:15]}  O-O {[%clk 0:15:23]} 7. O-O {[%clk 0:15:19]}  a5 {[%clk 0:15:24]} 8. a4 {[%clk 0:15:18]}  Re8 {[%clk 0:15:22]} 9. Re1 {[%clk 0:15:20]}  e5 {[%clk 0:15:18]} 10. Bf1 {[%clk 0:15:17]}  dxe4 {[%clk 0:15:07]} 11. dxe4 {[%clk 0:14:56]}  Bg4 {[%clk 0:15:08]} 12. h3 {[%clk 0:14:13]}  Bh5 {[%clk 0:15:10]} 13. Qc2 {[%clk 0:13:50]}  Bg6 {[%clk 0:14:52]} 14. Nc4 {[%clk 0:12:54]}  Nh5 {[%clk 0:14:14]} 15. Bg5 {[%clk 0:12:48]}  f6 {[%clk 0:13:13]} 16. Be3 {[%clk 0:12:51]}  Qe7 {[%clk 0:13:11]} 17. Rad1 {[%clk 0:11:48]}  Bc5 {[%clk 0:12:57]} 18. Qb3 {[%clk 0:11:29]}  Bf7 {[%clk 0:11:08]} 19. Qxb7 {[%clk 0:11:21]}  Bxe3 {[%clk 0:10:59]} 20. Nxe3 {[%clk 0:10:41]}  Qc5 {[%clk 0:09:53]} 21. Bb5 {[%clk 0:09:07]} 1-0

[Event "Rapid Tournament (RAP)"]
[Site "Biel, CH"]
[Date "2025.07.13"]
[Round "8"]
[White "Maier, Christian"]
[Black "Karthikeyan, Murali"]
[Result "0-1"]
[Board "4"]
[WhiteFideId "4601955"]
[BlackFideId "5074452"]
[WhiteTitle "IM"]
[BlackTitle "GM"]
[WhiteElo "2250"]
[BlackElo "2522"]
[WhiteTeam "GER"]
[BlackTeam "IND"]
[WhiteClock "0:00:06"]
[BlackClock "0:00:10"]
[Variant "Standard"]

1. e4 {[%clk 0:15:05]}  c5 {[%clk 0:15:06]} 2. Nf3 {[%clk 0:15:06]}  Nc6 {[%clk 0:15:09]} 3. Bb5 {[%clk 0:15:05]}  g6 {[%clk 0:14:43]} 4. O-O {[%clk 0:15:06]}  Bg7 {[%clk 0:14:47]} 5. Nc3 {[%clk 0:15:07]}  e5 {[%clk 0:14:40]} 6. Bxc6 {[%clk 0:15:10]}  bxc6 {[%clk 0:14:38]} 7. d3 {[%clk 0:15:10]}  Ne7 {[%clk 0:14:19]} 8. Be3 {[%clk 0:14:24]}  d6 {[%clk 0:14:23]} 9. a3 {[%clk 0:14:28]}  a5 {[%clk 0:14:14]} 10. Na4 {[%clk 0:14:31]}  f5 {[%clk 0:12:41]} 11. b4 {[%clk 0:12:50]}  axb4 {[%clk 0:12:35]} 12. axb4 {[%clk 0:12:53]}  cxb4 {[%clk 0:12:37]} 13. Bb6 {[%clk 0:12:19]}  Qd7 {[%clk 0:12:39]} 14. Qd2 {[%clk 0:12:20]}  O-O {[%clk 0:07:05]} 15. Qxb4 {[%clk 0:12:04]}  Rb8 {[%clk 0:06:12]} 16. Qb3+ {[%clk 0:10:35]}  Kh8 {[%clk 0:06:14]} 17. Ng5 {[%clk 0:09:07]}  h6 {[%clk 0:06:09]} 18. Nh3 {[%clk 0:08:52]}  c5 {[%clk 0:05:16]} 19. Rfb1 {[%clk 0:08:47]}  Qc6 {[%clk 0:02:55]} 20. Nc3 {[%clk 0:07:55]}  fxe4 {[%clk 0:03:17]} 21. dxe4 {[%clk 0:07:59]}  Bxh3 {[%clk 0:02:24]} 22. gxh3 {[%clk 0:08:03]}  Nc8 {[%clk 0:02:27]} 23. Ra6 {[%clk 0:07:02]}  Rf3 {[%clk 0:01:08]} 24. Qd5 {[%clk 0:07:05]}  Qd7 {[%clk 0:01:01]} 25. Bxc5 {[%clk 0:06:25]}  Rxb1+ {[%clk 0:00:34]} 26. Nxb1 {[%clk 0:06:29]}  Qb5 {[%clk 0:00:32]} 27. Qd1 {[%clk 0:00:35]}  Qxa6 {[%clk 0:00:27]} 28. Qxf3 {[%clk 0:00:38]}  dxc5 {[%clk 0:00:31]} 29. Nc3 {[%clk 0:00:38]}  Kh7 {[%clk 0:00:18]} 30. Qg4 {[%clk 0:00:37]}  Nd6 {[%clk 0:00:17]} 31. Nd5 {[%clk 0:00:38]}  Qa1+ {[%clk 0:00:17]} 32. Kg2 {[%clk 0:00:42]}  Qa4 {[%clk 0:00:15]} 33. f3 {[%clk 0:00:34]}  Qxc2+ {[%clk 0:00:18]} 34. Kg3 {[%clk 0:00:38]}  Qc1 {[%clk 0:00:11]} 35. Kg2 {[%clk 0:00:07]}  Nc4 {[%clk 0:00:08]} 36. Qd7 {[%clk 0:00:06]}  Ne3+ {[%clk 0:00:10]} 0-1

[Event "Rapid Tournament (RAP)"]
[Site "Biel, CH"]
[Date "2025.07.13"]
[Round "8"]
[White "Panchanathan, Magesh Chandran"]
[Black "Chen, Yuan"]
[Result "0-1"]
[Board "5"]
[WhiteFideId "5007429"]
[BlackFideId "8618860"]
[WhiteTitle "GM"]
[WhiteElo "2454"]
[BlackElo "2248"]
[WhiteTeam "IND"]
[BlackTeam "CHN"]
[WhiteClock "0:08:26"]
[BlackClock "0:09:38"]
[Variant "Standard"]

1. Nf3 {[%clk 0:15:08]}  d5 {[%clk 0:15:06]} 2. g3 {[%clk 0:15:12]}  Nc6 {[%clk 0:15:07]} 3. d4 {[%clk 0:14:38]}  Bf5 {[%clk 0:15:10]} 4. Bg2 {[%clk 0:14:42]}  e6 {[%clk 0:15:12]} 5. a4 {[%clk 0:14:27]}  Nf6 {[%clk 0:15:10]} 6. c3 {[%clk 0:14:25]}  h6 {[%clk 0:14:47]} 7. a5 {[%clk 0:14:17]}  a6 {[%clk 0:15:03]} 8. Nbd2 {[%clk 0:14:18]}  Be7 {[%clk 0:14:58]} 9. O-O {[%clk 0:13:59]}  O-O {[%clk 0:15:01]} 10. h3 {[%clk 0:14:02]}  Ne4 {[%clk 0:15:01]} 11. Ne1 {[%clk 0:13:39]}  Nxd2 {[%clk 0:14:59]} 12. Bxd2 {[%clk 0:13:08]}  b6 {[%clk 0:14:34]} 13. axb6 {[%clk 0:12:07]}  cxb6 {[%clk 0:14:04]} 14. f3 {[%clk 0:11:29]}  Bh7 {[%clk 0:14:25]} 15. e4 {[%clk 0:10:36]}  b5 {[%clk 0:12:59]} 16. Qe2 {[%clk 0:10:48]}  Na5 {[%clk 0:12:47]} 17. Nd3 {[%clk 0:10:36]}  Nb3 {[%clk 0:12:39]} 18. Rae1 {[%clk 0:10:39]}  Nxd2 {[%clk 0:12:36]} 19. Qxd2 {[%clk 0:10:43]}  a5 {[%clk 0:12:09]} 20. f4 {[%clk 0:10:44]}  dxe4 {[%clk 0:10:32]} 21. Bxe4 {[%clk 0:10:48]}  Bxe4 {[%clk 0:10:36]} 22. Rxe4 {[%clk 0:10:51]}  b4 {[%clk 0:10:39]} 23. cxb4 {[%clk 0:09:59]}  axb4 {[%clk 0:10:42]} 24. Nxb4 {[%clk 0:10:02]}  Qa5 {[%clk 0:10:32]} 25. d5 {[%clk 0:10:02]}  Bc5+ {[%clk 0:10:11]} 26. Kh1 {[%clk 0:09:34]}  exd5 {[%clk 0:10:08]} 27. Rd4 {[%clk 0:09:38]}  Bxd4 {[%clk 0:09:51]} 28. Qxd4 {[%clk 0:09:41]}  Qb5 {[%clk 0:09:46]} 29. Rf2 {[%clk 0:08:26]}  Ra4 {[%clk 0:09:38]} 0-1

[Event "Rapid Tournament (RAP)"]
[Site "Biel, CH"]
[Date "2025.07.13"]
[Round "8"]
[White "Gloeckler, Christian"]
[Black "Hajduk, Tomasz"]
[Result "1-0"]
[Board "6"]
[WhiteFideId "34608966"]
[BlackFideId "21811415"]
[WhiteTitle "FM"]
[WhiteElo "2353"]
[BlackElo "1830"]
[WhiteTeam "GER"]
[BlackTeam "POL"]
[WhiteClock "0:04:47"]
[BlackClock "0:05:28"]
[Variant "Standard"]

1. e4 {[%clk 0:15:09]}  c5 {[%clk 0:15:09]} 2. Nf3 {[%clk 0:15:13]}  d6 {[%clk 0:15:12]} 3. d4 {[%clk 0:15:16]}  cxd4 {[%clk 0:15:16]} 4. Nxd4 {[%clk 0:15:20]}  Nf6 {[%clk 0:15:20]} 5. Nc3 {[%clk 0:15:24]}  a6 {[%clk 0:15:24]} 6. Be3 {[%clk 0:15:25]}  e6 {[%clk 0:15:23]} 7. Be2 {[%clk 0:15:28]}  Be7 {[%clk 0:15:24]} 8. f4 {[%clk 0:15:24]}  Qc7 {[%clk 0:14:28]} 9. g4 {[%clk 0:15:02]}  b5 {[%clk 0:14:10]} 10. g5 {[%clk 0:14:56]}  Nfd7 {[%clk 0:14:05]} 11. f5 {[%clk 0:13:46]}  Ne5 {[%clk 0:13:31]} 12. a3 {[%clk 0:13:11]}  Nbc6 {[%clk 0:12:52]} 13. Qd2 {[%clk 0:11:56]}  Nc4 {[%clk 0:12:20]} 14. Ndxb5 {[%clk 0:10:55]}  axb5 {[%clk 0:11:49]} 15. Nxb5 {[%clk 0:10:58]}  Nxd2 {[%clk 0:11:24]} 16. Nxc7+ {[%clk 0:11:00]}  Kd8 {[%clk 0:10:36]} 17. Nxa8 {[%clk 0:10:59]}  Nxe4 {[%clk 0:10:38]} 18. O-O-O {[%clk 0:09:01]}  Ne5 {[%clk 0:09:17]} 19. Bb6+ {[%clk 0:08:12]}  Ke8 {[%clk 0:09:13]} 20. h4 {[%clk 0:07:43]}  Bb7 {[%clk 0:08:41]} 21. Nc7+ {[%clk 0:06:39]}  Kf8 {[%clk 0:08:45]} 22. fxe6 {[%clk 0:05:36]}  Ng3 {[%clk 0:08:44]} 23. Rhe1 {[%clk 0:05:40]}  Nxe2+ {[%clk 0:08:35]} 24. Rxe2 {[%clk 0:05:43]}  Bf3 {[%clk 0:08:39]} 25. Rf2 {[%clk 0:05:12]}  Bxd1 {[%clk 0:08:34]} 26. Kxd1 {[%clk 0:05:16]}  f6 {[%clk 0:07:10]} 27. Nd5 {[%clk 0:04:55]}  Ng4 {[%clk 0:05:41]} 28. Rf4 {[%clk 0:04:57]}  h5 {[%clk 0:05:28]} 29. Ra4 {[%clk 0:04:47]} 1-0

[Event "Rapid Tournament (RAP)"]
[Site "Biel, CH"]
[Date "2025.07.13"]
[Round "8"]
[White "Bai, Xue"]
[Black "Banh Gia Huy"]
[Result "0-1"]
[Board "7"]
[WhiteFideId "8608717"]
[BlackFideId "12424714"]
[BlackTitle "IM"]
[WhiteElo "2035"]
[BlackElo "2261"]
[WhiteTeam "CHN"]
[BlackTeam "VIE"]
[WhiteClock "0:06:05"]
[BlackClock "0:09:39"]
[Variant "Standard"]

1. e4 {[%clk 0:15:08]}  c5 {[%clk 0:15:07]} 2. Nf3 {[%clk 0:15:11]}  e6 {[%clk 0:15:11]} 3. d4 {[%clk 0:15:15]}  cxd4 {[%clk 0:15:04]} 4. Nxd4 {[%clk 0:15:17]}  Nf6 {[%clk 0:15:07]} 5. Nc3 {[%clk 0:15:21]}  Nc6 {[%clk 0:15:11]} 6. Ndb5 {[%clk 0:15:09]}  Bc5 {[%clk 0:15:14]} 7. Nd6+ {[%clk 0:15:01]}  Ke7 {[%clk 0:15:18]} 8. Nc4 {[%clk 0:14:57]}  d5 {[%clk 0:15:08]} 9. exd5 {[%clk 0:14:22]}  exd5 {[%clk 0:15:10]} 10. Na4 {[%clk 0:12:16]}  dxc4 {[%clk 0:12:52]} 11. Qe2+ {[%clk 0:11:54]}  Be6 {[%clk 0:12:49]} 12. Bd2 {[%clk 0:09:07]}  Bb4 {[%clk 0:11:45]} 13. Bxb4+ {[%clk 0:08:30]}  Nxb4 {[%clk 0:11:46]} 14. a3 {[%clk 0:08:05]}  Nbd5 {[%clk 0:11:20]} 15. O-O-O {[%clk 0:06:45]}  Qa5 {[%clk 0:11:03]} 16. Qxc4 {[%clk 0:06:11]}  Ne3 {[%clk 0:10:01]} 17. Qf4 {[%clk 0:06:01]}  Nxd1 {[%clk 0:09:56]} 18. Kxd1 {[%clk 0:06:05]}  g5 {[%clk 0:09:39]} 0-1

[Event "Rapid Tournament (RAP)"]
[Site "Biel, CH"]
[Date "2025.07.13"]
[Round "8"]
[White "Kappeler, Kaspar"]
[Black "Drechsler, Christoph"]
[Result "0-1"]
[Board "8"]
[WhiteFideId "1309072"]
[BlackFideId "1305280"]
[WhiteTitle "FM"]
[WhiteElo "2178"]
[BlackElo "2067"]
[WhiteTeam "SUI"]
[BlackTeam "SUI"]
[WhiteClock "0:00:11"]
[BlackClock "0:01:47"]
[Variant "Standard"]

1. d4 {[%clk 0:15:08]}  d5 {[%clk 0:15:09]} 2. c4 {[%clk 0:15:11]}  e6 {[%clk 0:15:13]} 3. Nf3 {[%clk 0:15:13]}  Nf6 {[%clk 0:15:16]} 4. g3 {[%clk 0:15:17]}  dxc4 {[%clk 0:15:20]} 5. Bg2 {[%clk 0:15:19]}  c5 {[%clk 0:15:24]} 6. O-O {[%clk 0:15:19]}  Nc6 {[%clk 0:15:28]} 7. Ne5 {[%clk 0:15:05]}  Bd7 {[%clk 0:15:31]} 8. Nxc4 {[%clk 0:15:00]}  cxd4 {[%clk 0:14:34]} 9. Bf4 {[%clk 0:15:00]}  Bc8 {[%clk 0:12:07]} 10. Qa4 {[%clk 0:11:34]}  Nd5 {[%clk 0:12:01]} 11. Be5 {[%clk 0:10:41]}  Bd7 {[%clk 0:10:52]} 12. Nd6+ {[%clk 0:09:59]}  Bxd6 {[%clk 0:10:11]} 13. Bxd6 {[%clk 0:10:02]}  Nde7 {[%clk 0:08:54]} 14. Qa3 {[%clk 0:09:01]}  Nf5 {[%clk 0:08:34]} 15. Bf4 {[%clk 0:05:46]}  e5 {[%clk 0:07:58]} 16. Bd2 {[%clk 0:04:28]}  Nfe7 {[%clk 0:07:21]} 17. f4 {[%clk 0:03:25]}  O-O {[%clk 0:06:24]} 18. fxe5 {[%clk 0:03:16]}  Nxe5 {[%clk 0:06:28]} 19. Ba5 {[%clk 0:02:20]}  Qe8 {[%clk 0:05:45]} 20. Bb4 {[%clk 0:02:09]}  Nc4 {[%clk 0:04:59]} 21. Qd3 {[%clk 0:01:10]}  Ne3 {[%clk 0:04:05]} 22. Qxd4 {[%clk 0:00:41]}  Nxf1 {[%clk 0:02:46]} 23. Kxf1 {[%clk 0:00:11]}  Nf5 {[%clk 0:02:19]} 24. Qf4 {[%clk 0:00:10]}  Ne3+ {[%clk 0:02:07]} 25. Kf2 {[%clk 0:00:09]}  Nxg2 {[%clk 0:02:06]} 26. Bxf8 {[%clk 0:00:11]}  Nxf4 {[%clk 0:01:47]} 0-1

[Event "Rapid Tournament (RAP)"]
[Site "Biel, CH"]
[Date "2025.07.13"]
[Round "8"]
[White "Kumbharathi, Vedansh"]
[Black "Vemparala, Nikash"]
[Result "0-1"]
[Board "9"]
[WhiteFideId "30998395"]
[BlackFideId "30960967"]
[BlackTitle "CM"]
[WhiteElo "1931"]
[BlackElo "2178"]
[WhiteTeam "USA"]
[BlackTeam "USA"]
[WhiteClock "0:00:27"]
[BlackClock "0:00:52"]
[Variant "Standard"]

1. e4 {[%clk 0:14:55]}  e5 {[%clk 0:15:09]} 2. Nf3 {[%clk 0:14:58]}  Nc6 {[%clk 0:15:13]} 3. Bb5 {[%clk 0:14:51]}  a6 {[%clk 0:15:15]} 4. Ba4 {[%clk 0:14:54]}  Nge7 {[%clk 0:15:19]} 5. O-O {[%clk 0:14:46]}  Ng6 {[%clk 0:15:21]} 6. d4 {[%clk 0:14:42]}  exd4 {[%clk 0:15:25]} 7. Nxd4 {[%clk 0:14:46]}  Nxd4 {[%clk 0:15:29]} 8. Qxd4 {[%clk 0:14:50]}  b5 {[%clk 0:15:33]} 9. Bb3 {[%clk 0:14:53]}  Bb7 {[%clk 0:15:38]} 10. c3 {[%clk 0:14:22]}  c5 {[%clk 0:15:25]} 11. Qe3 {[%clk 0:14:06]}  Be7 {[%clk 0:15:11]} 12. Nd2 {[%clk 0:13:59]}  O-O {[%clk 0:15:02]} 13. Bc2 {[%clk 0:13:59]}  Rc8 {[%clk 0:14:49]} 14. Nf3 {[%clk 0:13:29]}  Qc7 {[%clk 0:14:12]} 15. Re1 {[%clk 0:13:23]}  Rfe8 {[%clk 0:14:08]} 16. Qe2 {[%clk 0:12:13]}  Bf8 {[%clk 0:13:40]} 17. Qf1 {[%clk 0:12:13]}  d5 {[%clk 0:13:32]} 18. exd5 {[%clk 0:12:03]}  Bxd5 {[%clk 0:13:36]} 19. Be3 {[%clk 0:11:41]}  Bc4 {[%clk 0:13:32]} 20. Bd3 {[%clk 0:11:30]}  Bd5 {[%clk 0:12:43]} 21. a4 {[%clk 0:10:50]}  c4 {[%clk 0:12:41]} 22. Bc2 {[%clk 0:10:49]}  Bxf3 {[%clk 0:12:04]} 23. gxf3 {[%clk 0:10:52]}  Qc6 {[%clk 0:11:11]} 24. Qh3 {[%clk 0:10:28]}  Bc5 {[%clk 0:10:54]} 25. Be4 {[%clk 0:10:16]}  Qc7 {[%clk 0:10:29]} 26. axb5 {[%clk 0:09:42]}  Bxe3 {[%clk 0:10:33]} 27. fxe3 {[%clk 0:09:39]}  axb5 {[%clk 0:10:27]} 28. Red1 {[%clk 0:09:14]}  Rcd8 {[%clk 0:09:53]} 29. Kf2 {[%clk 0:08:02]}  Qe5 {[%clk 0:09:15]} 30. Qg3 {[%clk 0:07:23]}  Qc5 {[%clk 0:09:06]} 31. Rxd8 {[%clk 0:07:23]}  Rxd8 {[%clk 0:09:10]} 32. Ra8 {[%clk 0:07:27]}  Rxa8 {[%clk 0:08:56]} 33. Bxa8 {[%clk 0:07:30]}  Ne5 {[%clk 0:07:58]} 34. Be4 {[%clk 0:07:15]}  Qd6 {[%clk 0:08:00]} 35. Ke2 {[%clk 0:07:17]}  g6 {[%clk 0:07:50]} 36. Bc2 {[%clk 0:06:55]}  Qd5 {[%clk 0:07:41]} 37. Be4 {[%clk 0:06:33]}  Qe6 {[%clk 0:07:29]} 38. Qf4 {[%clk 0:06:30]}  Kg7 {[%clk 0:07:07]} 39. Bc2 {[%clk 0:06:29]}  Qd5 {[%clk 0:06:55]} 40. Be4 {[%clk 0:05:41]}  Qe6 {[%clk 0:06:45]} 41. Bc2 {[%clk 0:05:38]}  f6 {[%clk 0:05:32]} 42. Be4 {[%clk 0:05:02]}  Qh3 {[%clk 0:05:29]} 43. Qg3 {[%clk 0:05:05]}  Qd7 {[%clk 0:05:32]} 44. Qe1 {[%clk 0:04:09]}  Nd3 {[%clk 0:04:02]} 45. Bxd3 {[%clk 0:03:30]}  Qxd3+ {[%clk 0:03:52]} 46. Kf2 {[%clk 0:03:34]}  f5 {[%clk 0:03:35]} 47. Qe2 {[%clk 0:03:28]}  Qd6 {[%clk 0:03:30]} 48. f4 {[%clk 0:03:22]}  Kf6 {[%clk 0:03:32]} 49. Kg3 {[%clk 0:03:19]}  Qd5 {[%clk 0:03:32]} 50. Qg2 {[%clk 0:03:14]}  Qe6 {[%clk 0:01:36]} 51. Qd2 {[%clk 0:03:09]}  Kg7 {[%clk 0:01:13]} 52. Qd4+ {[%clk 0:03:13]}  Kh6 {[%clk 0:01:15]} 53. Qc5 {[%clk 0:02:33]}  Qe4 {[%clk 0:00:49]} 54. Kh4 {[%clk 0:02:17]}  g5+ {[%clk 0:00:48]} 55. Kg3 {[%clk 0:02:21]}  gxf4+ {[%clk 0:00:54]} 56. exf4 {[%clk 0:02:25]}  Qe1+ {[%clk 0:00:57]} 57. Qf2 {[%clk 0:02:11]}  Qe4 {[%clk 0:00:49]} 58. Qb6+ {[%clk 0:02:11]}  Kh5 {[%clk 0:00:46]} 59. Qxb5 {[%clk 0:01:54]}  Qe3+ {[%clk 0:00:57]} 60. Kg2 {[%clk 0:01:58]}  Qe2+ {[%clk 0:00:52]} 61. Kg1 {[%clk 0:01:42]}  Qg4+ {[%clk 0:00:56]} 62. Kh1 {[%clk 0:01:43]}  Qxf4 {[%clk 0:00:51]} 63. Qe8+ {[%clk 0:01:42]}  Kg4 {[%clk 0:00:48]} 64. Qg8+ {[%clk 0:00:46]}  Kf3 {[%clk 0:00:52]} 65. Qd5+ {[%clk 0:00:37]}  Qe4 {[%clk 0:00:52]} 66. Qd2 {[%clk 0:00:27]}  Qb1+ {[%clk 0:00:52]} 0-1